000 01018nam a2200265Ia 4500
003 OSt
005 20221005105153.0
006 a|||||r|||| 00| 0
007 ta
008 221004b |||||||| |||| 00| 0 hin d
020 _a9788179755907 (hbk)
_c450
024 _a26375
037 _b19, 17/03/2016, P. K. Books
_cTextual
040 _aCRL
_cCRL
_bhin
041 _2hin
_ahin
082 _aO152,1H77:g, Q5
100 _aकमलेश कुमारी रवि
245 0 _aक्रांतिकारी संत शिरोमणि गुरू रविदास
246 _aKrāantikārī santa shiromaṇi gurū ravidāsa
260 _aनई दिल्ली
_bअनामिका पब्लिशर्स भारत
_c2015
300 _a160पृ0
_ccm.
650 _aहिन्दी साहित्य
942 _hO152,1H77:g, Q5
_cTEXL
_2cc
999 _c1014991
_d1014991